| 000 | 00647nam a2200229Ia 4500 | ||
|---|---|---|---|
| 003 | 0100 | ||
| 008 | 130303s9999 xx 000 0 und d | ||
| 040 | _cARRUPELIB | ||
| 050 | _aHQ767.K72 2002 | ||
| 100 | _aKreeft, Peter | ||
| 245 | _aThree approaches to abortion | ||
| 245 | _ba thoughtful and compassionate guide to today's most controversial issue | ||
| 260 | _aSan Francisco | ||
| 260 | _bIgnatius Press | ||
| 260 | _C2002 | ||
| 300 | _a133p. | ||
| 300 | _b 20cm. | ||
| 650 | _bSelf realization--Social aspects | ||
| 650 | _cCivilization, Modern--Psychological aspects | ||
| 650 | _dSocial Values--History | ||
| 942 |
_2lcc _01 |
||
| 999 |
_c59561 _d59561 |
||